01321nam a2200289 a 4500001001000000003000400010005001700014008004100031020001800072040002500090082002100115100003000136245006800166250001100234260003600245300003500281500009100316504003000407590002800437910002800465942001400493952013400507952011600641952014100757952011600898999001701014000030456OSt20240301073829.0110517s2011 dr ac 000 0 spa d a9789945164107 aDO-SdBNPbspacBNPHU axxxbR139e, 20111 aRaful, Tony,d1951-9137710aEmpuñadura de la poesía y la historia /cTony Raful Tejada. a2a ed. aSanto Domingo :bBúho,c2011. a69 p. :bil., retrs. ;c23 cm. aDiscurso de ingreso a la Academia Dominicana de la Lengua, jueves 28 de abril de 2011. aBibliografía : p. 67-68 aInventariado, 2020 / DG aInventariado, 2020 / DG 2ddccLBS1 001054708DSaGRbGRcCTd2011-05-17iLF1l0oxxx R139e, 2011p30456-30r2020-06-25te. 3w2020-06-25yLFDSZPréstamo en sala 00102ddc708DSaGRbGRcCTd2011-05-17iLF1l0oxxx R139e, 2011p30456-40r2020-06-25te. 4w2020-06-25yLFDS 00102ddc718PDaPDbPDcCTd2011-05-17eDonado por Nieves L. EnuterioiLF1l0oxxx R139e, 2011p30456-10r2020-06-25w2020-06-25yLFPD 00102ddc718PDaPDbPDcCTd2011-05-17iLF1l0oxxx R139e, 2011p30456-20r2020-06-25te. 2w2020-06-25yLFPD c29948d29948